Contemporary Management (Record no. 1725)

MARC details
005 - DATE AND TIME OF LATEST TRANSACTION
control field 20250428150207.0
020 ## - INTERNATIONAL STANDARD BOOK NUMBER
International Standard Book Number 978-0-07-353022-2
082 ## - DEWEY DECIMAL CLASSIFICATION NUMBER
Classification number 658 JON
100 ## - MAIN ENTRY--PERSONAL NAME
Author name JONES, G .R .
245 ## - TITLE STATEMENT
Title Contemporary Management
250 ## - EDITION STATEMENT
Edition statement 5th Ed.
260 ## - PUBLICATION, DISTRIBUTION, ETC.
Place of publication, distribution, etc. Boston,
Name of publisher, distributor, etc. McGraw - Hill & Irwin,
Date of publication, distribution, etc. 2008.
300 ## - PHYSICAL DESCRIPTION
Extent xxxiii, 805p.: ill.; figure, picture, table,
Other physical details glossary & index,
Dimensions 26cm.
700 ## - ADDED ENTRY--PERSONAL NAME
Other authors/Editors GEORGE, J . M .
942 ## - ADDED ENTRY ELEMENTS (KOHA)
Source of classification or shelving scheme Dewey Decimal Classification
Koha item type Books
Holdings
Date last seen Total checkouts Full call number Barcode Cost, replacement price Price effective from Koha item type Lost status Source of classification or shelving scheme Damaged status Not for loan Withdrawn status Home library Current library Shelving location Date acquired Cost, normal purchase price
04/28/2025   658 JON 0000006609 210000.00 04/28/2025 Books   Dewey Decimal Classification       College of Business Education Main Library College of Business Education Main Library General Collection 07/09/2011 70000.00
04/28/2025   658 JON 0000006610 210000.00 04/28/2025 Books   Dewey Decimal Classification       College of Business Education Main Library College of Business Education Main Library General Collection 07/09/2011 70000.00
04/28/2025   658 JON 0000006611 210000.00 04/28/2025 Books   Dewey Decimal Classification       College of Business Education Main Library College of Business Education Main Library General Collection 07/09/2011 70000.00
04/28/2025   658 JON 0000006612 210000.00 04/28/2025 Books   Dewey Decimal Classification       College of Business Education Main Library College of Business Education Main Library General Collection 07/09/2011 70000.00
04/28/2025   658 JON 0000006613 210000.00 04/28/2025 Books   Dewey Decimal Classification       College of Business Education Main Library College of Business Education Main Library General Collection 07/09/2011 70000.00
04/28/2025   658 JON 0000006614 210000.00 04/28/2025 Books   Dewey Decimal Classification       College of Business Education Main Library College of Business Education Main Library General Collection 07/09/2011 70000.00
04/28/2025   658 JON 0000006615 210000.00 04/28/2025 Books   Dewey Decimal Classification       College of Business Education Main Library College of Business Education Main Library General Collection 07/09/2011 70000.00
04/28/2025   658 JON 0000006616 210000.00 04/28/2025 Books   Dewey Decimal Classification       College of Business Education Main Library College of Business Education Main Library General Collection 07/09/2011 70000.00
04/29/2025   658 JON 0000006657 210000.00 04/29/2025 Books   Dewey Decimal Classification       College of Business Education Main Library College of Business Education Main Library General Collection 07/09/2011 70000.00